Communication disorders in the classroom : an introduction for professionals in school settings

Αποθηκεύτηκε σε:
Λεπτομέρειες βιβλιογραφικής εγγραφής
Κύριος συγγραφέας: Haynes, William O.
Άλλοι συγγραφείς: Moran, Michael J., Pindzola, Rebekah H.
Μορφή: Βιβλίο
Γλώσσα:English
Δημοσίευση: Sudbury, Massachusetts : Jones and Bartlett Publishers, 2006
Έκδοση:4η έκδ.
Θέματα:
Ετικέτες: Προσθήκη ετικέτας
Δεν υπάρχουν, Καταχωρήστε ετικέτα πρώτοι!

MARC

LEADER 00000nam a2200000 i 4500
001 1/56830
008 140923s2006 eng d
020 |a 0-7637-2743-1 (pbk.) 
035 |l 10119246 
040 |a GR-MY-UA  |b gre  |e aacr 
041 0 |a eng 
082 0 |a 371.90446  |2 (23) 
100 1 |a Haynes, William O. 
245 1 0 |a Communication disorders in the classroom :  |b an introduction for professionals in school settings /  |c William O. Haynes, Michael J. Moran, Rebekah H. Pindzola 
250 |a 4η έκδ. 
260 |a Sudbury, Massachusetts :   |b Jones and Bartlett Publishers,   |c 2006 
300 |a xi., 411 σ.;  |c 23 εκ. 
504 |a Περιλαμβάνει βιβλιογραφικές παραπομπές και ευρετήριο 
650 0 0 |a Children with social disabilities  |x Education  |z United States. 
650 0 0 |a Language arts. 
650 0 0 |a Speech disorders in children. 
650 0 0 |a Communicative disorders in children  |x Classification. 
700 1 |a Moran, Michael J. 
700 1 |a Pindzola, Rebekah H. 
852 |a INST  |b RHODES  |e 20140923  |h 371.90446 HAY  |p 005400036856  |q 005400036856  |t BK  |y 0 
901 |a BIBL4-2014-3 
909 |a Ρ  |b 189235 
922 |a 4ΕΛΗ  |b 201405  |c ΤΑΚ/ΤΕΠΑΕΣ  |d ΔΙΑΔΡΟΜΕΣ 
970 |z 2014/09/23